| 000 | 00620nam a22002177a 4500 | ||
|---|---|---|---|
| 999 |
_c132421 _d132421 |
||
| 005 | 20181109142039.0 | ||
| 010 | _aB-215421, B-215446 | ||
| 020 |
_c250.00 _a8171676383 |
||
| 035 | _aB-215421, B-215440 , B-215446 | ||
| 037 | _bCen Lib/Ret | ||
| 082 |
_aN _bGAN |
||
| 100 | _aGanguli, Antara | ||
| 245 |
_aThe buggles / _cby Antara Ganguli |
||
| 260 |
_aNew Delhi _bRupa and company _c2002 |
||
| 270 |
_bNew Delhi _a7/16, Ansari road, Daryaganj _e110002 |
||
| 300 |
_a383p.: _c20cm(pbk) _bill. |
||
| 650 | _aLiterature | ||
| 650 | _aFiction | ||
| 942 |
_2ddc _cEN _hN _mGAN |
||